000 00600nam a2200217Ii 4500
003 JO-AjNU
008 230606s9999||||xx |||||||||||||| ||und||
020 _a978-93-5014-537-1
040 _aJO-AjNU
_beng
_erda
_cJO-AjNU
041 _aeng
050 1 4 _aTA683.2.2014
100 3 _aKumar, Sujeet,
_eauthor
_94509
245 0 0 _aDesign of concrete Structures-i
250 _a1 ed
264 3 1 _aNew Delhi:S.K KATARIA,2014
300 _a348p
336 _atext
_btxt
_2rdacontent
337 _aunmediated
_bn
_2rdamedia
338 _avolume
_bnc
_2rdacarrier
650 4 _aConcrete Structures
_94510
999 _aE2340
_c2338
_d2338